| 000 | 02553cam a22004814i 4500 | ||
|---|---|---|---|
| 003 | PE-LiUPU | ||
| 005 | 20250731172808.0 | ||
| 008 | 150617s r 000 0 d | ||
| 035 | _a(Sirsi) a13461 | ||
| 040 |
_aPE-LiUPU _bspa _cPE-LiUPU _erda |
||
| 049 | _aPRUA | ||
| 082 | 0 | 4 |
_a232.4 _bL32 _221 |
| 100 | 1 |
_aLazear, Roberto, _eautor. |
|
| 245 | 1 | 3 |
_aEl Maestro de Dolores : _bReflexiones íntimas sobre la poesía "El Cristo de Velázquez" de Miguel de Unamuno y Jugo / _cRoberto Lazear. |
| 264 | 1 |
_aMiami : _bCaribe, _c1979. |
|
| 300 |
_a342 páginas ; _c20 cm |
||
| 336 |
_atext _2rdacontent |
||
| 337 |
_aunmediated _2rdamedia |
||
| 338 |
_avolume _2rdacarrier |
||
| 505 | 0 | _aLuna -- Ecce homo -- Dios - tinieblas -- Sangre -- La vida es sueño -- Paz en la guerra -- Alba -- Rosa -- Arroyo-fuente -- Nube-música -- Cordero -- Hostia -- Vino -- Lino -- Aguila -- Nube negra -- León -- Toro -- Querubín-libro -- Puerta -- Lirio -- Espada -- Anfora -- Paloma -- Leche -- Arbol -- Eucaristía -- Barco -- Enjullo -- Escala -- Serpiente -- Los clavos - el arte -- Ciervo -- Silencio -- Soledad -- El mar -- Fuego -- Alma y cuerpo -- Miguel -- Tormenta -- Desnudez -- Balanza -- Rey -- Del Sinaí al Calvario -- El rtulo -- Corona -- Cabeza -- Melena -- Frente -- Rostro -- Ojos -- Orejas -- Naríz -- Majillas -- Obediencia -- CUerpo -- Pecho -- Aire -- Osamenta -- Brazos -- Tierra -- Hombros -- Manos. Dedo índice de la diestra -- La llaga del costado -- Vientre -- Rodillas. Pies -- Soporte-naturaleza. | |
| 526 | _aSEG42 | ||
| 526 | _aSEG41 | ||
| 526 | _aSEG40 | ||
| 526 | _aSEG39 | ||
| 526 | _aP94 | ||
| 526 | _aP87 | ||
| 526 | _aP86 | ||
| 526 | _aP85 | ||
| 526 | _aP77 | ||
| 526 | _aP76 | ||
| 526 | _aP35 | ||
| 600 | 1 |
_aJesucristo _xCrucifixión |
|
| 910 |
_ajck _bjvq _cjck _d20150616 |
||
| 942 |
_2ddc _cBOOK |
||
| 949 |
_a232.4 L32 _wDEWEY _c1 _i19399 _lCCODEBUL1 _mBUL _p00.00 _r0 _sY _tBOOK _u19810828 _xTEOLOGIA _PP35 _0COMPRA _o.STAFF. Colección General |
||
| 949 |
_a232.4 L32 _wDEWEY _c2 _i19398 _lCCODEBUL1 _mBUL _p00.00 _r0 _sY _tBOOK _u19810828 _xTEOLOGIA _PP35 _0COMPRA _o.STAFF. Colección General |
||
| 994 |
_aC0 _bPEPRU |
||
| 596 | _a1 | ||
| 999 |
_a232.4 L32 _wDEWEY _c3831 _i19399 _f2021-11-11 _g5 _lCCODEBUL1 _mBUL _r0 _sY _tBOOK _u2015-6-17 _xTEOLOGIA _PP35 _0COMPRA _o.STAFF. Colección General _d3831 |
||
| 999 |
_a232.4 L32 _wDEWEY _c2 _i19398 _f2021-11-11 _g5 _lCCODEBUL1 _mBUL _r0 _sY _tBOOK _u2015-6-17 _xTEOLOGIA _PP35 _0COMPRA _o.STAFF. Colección General |
||
| 980 |
_81 _gALBERTO SANCHEZ Responsable de Automatización |
||